000 01265nam a22003257a 4500
003 CHAP
005 20220329143836.0
008 121106s1984 mx a r 00010 spa d
010 _a102635
011 _a103607
035 _a114296
040 _cCHAP
082 0 4 _a331.1097243
_bD37
100 0 0 _aDelgado Wise, Raúl.
_931666
245 1 0 _aAproximación al patrón de reproducción social de Zacatecas (1960-1980)
_c/por Raúl Delgado Wise y Margarita Hoffner Long
260 _aZacatecas, Zac. :
_bUniversidad Autónoma de Zacatecas. Dirección General de Investigación,
_c1984
300 _a120 p. :
_bilus., cuadros
590 _aBATCH-UPD
_b10
_c20130110
_lUCH01
_h1048
590 _aBATCH-UPD
_b10
_c20130410
_lUCH01
_h0646
590 _aBATCH-UPD
_b10
_c20130914
_lUCH01
_h1139
590 _aCONVERSION
_b10
_c20130109
_lUCH01
_h1356
650 1 4 _aEmpleo
_xZacatecas.
_936585
650 1 4 _aTrabajo y trabajadores
_zZacatecas.
_9114560
650 1 4 _aZacatecas
_xCondiciones económicas.
_9123402
700 0 _aHoffner Long, Margarita.
_955811
710 0 _aUniversidad Autónoma de Zacatecas. Dirección General de Investigación.
_9116357
901 _aBK
942 _cLIBRO
949 _a331.1097243 D37
_bBC
_cLIBRO
_d33724002314941
_eLIBRO
_h116163
_i114296
_sb
999 _c102635
_d102635